00677nam a22002177a 4500003000400000005001700004008004100021010001300062020002200075035002300097037001600120040001500136082001700151245009400168260004500262270006100307300002100368650003300389650002100422700001600443dpl20180521162651.0180521b xxu||||| |||| 00| 0 eng d aB-011652 c00.00a0195646584 aB-011652, B-011654 bCen Lib/Ret aDPLbENc0 a954.021bMED aMedieval India 1 :cedited by Irfan Habibbresearches in the History of India 1200-1750 / bOxford University PressaNew Delhic2000 aYMCA Library Building, Jai Singh RoadbNew Delhie110001 a224p. c20cm(Hb) aIndia -- Economic conditions aEconomic history aIrfan Habib